00670nam a2200181 i 4500001000700000003000900007005001700016007000300033008004100036100004000077245016200117260004700279300002100326490004300347650003200390830004300422852002300465116714ES-MaACL20230906190744.0t|061121s1912 po r ||||1| por d1 aPascoais, Teixeira de (d1877-1952)12aO espírito lusitano au o saudosismo b: confèrencia da "Renascença portuguesa", realisada no Ateneu Comercial do Porto, na noite de 23 de Maio de 1912. aPorto : bRenascença Portuguesa, c1912. a20 p. ; c25 cm.1 aBiblioteca de A Renasceça Portuguesa 4aPortugueses-xPsicología.0 aBiblioteca de A Renasceça Portuguesa aES-MaACLj1570-F-4